| 000 | 02002nam a2200409 c 4500 | ||
|---|---|---|---|
| 003 | BLK | ||
| 005 | 20250324104914.0 | ||
| 008 | 180411b bul|||||r ||||||| ||bul|| | ||
| 010 | _aKNG00176072000 | ||
| 020 |
_a978-954-535-861-6 _bиздат.: Нов бълг. унив. |
||
| 040 | _aBLK | ||
| 041 |
_aBUL _cBUL |
||
| 072 | 7 |
_2bullib _aН5000 _xЕкология Н |
|
| 080 |
_aКонтролиране и установяване на нарушенията, възстановяване на околната среда. Екологичен мониторинг. Уреди за наблюдаване на замърсяването, измерване на нарушенията и др. _b504.06 _x(075.8) _z504.06(075.8) |
||
| 100 | 1 |
_aЗахаринов, Ботьо Станимиров _eпърви автор _9292644 |
|
| 700 | 1 |
_aНайденов, Янчо Стоянов _eсъавт. _9379865 |
|
| 139 |
_aЗахаринов, Ботьо Станимиров и др. _bЗ 40 |
||
| 245 | 1 | 0 |
_aЕкологичен мониторинг _cБотьо Станимиров Захаринов; съавт. Янчо Стоянов Найденов. |
| 257 | _aBGR | ||
| 260 |
_аСофия _bНов бълг. унив. _c2015 |
||
| 300 |
_a296 с. _bс табл., диагр. _c24 см |
||
| 380 | _a5 | ||
| 500 | _aСъдържа и за авт. - Библиогр. с. 289-296. | ||
| 650 | 4 |
_aОколна среда - замърсяване и опазване - учебници за ВУЗ _9245928 |
|
| 653 | _aоколна среда | ||
| 653 | _aзамърсяване на околната среда | ||
| 653 | _aмониторинг | ||
| 653 | _aконтрол | ||
| 653 | _aучебници за ВУЗ | ||
| 659 | _aН | ||
| 852 | _aЦб 274433 | ||
| 856 | 4 |
_qpdf _u |
|
| 856 | 4 |
_qpdf _u |
|
| 942 |
_cKNG _n0 _09 |
||
| 944 |
_aCR _c01.06.2015 _lЦветелина Шанова _k30531 |
||
| 944 |
_aED _c22.04.2017 _lф / _kПенка_Димитрова |
||
| 999 |
_c168197 _d168197 |
||